000 01552cam a22002054a 4500
005 20250605164026.0
008 250528s ||||||||||||||||||||||||d
035 _a16506
020 _a9608386160
040 _aGR-AtMCL
_bgre
_dGR-AtMCL
_eAACR2
245 1 _aΤο Μικρό Βιβλίο για το Χρήμα / The Little Money Book
260 _bΚέρκυρα,
_c2004
300 _a272
520 _aΕισαγωγή, Τι Είναι Χρήμα, Η Προέλευση του Χρήματος, Χρυσός, Πληθωρισμός, Τοκογλυφία, Η Παγκόσμια Τράπεζα και το ΔΝΤ, Μεγάλα Νομίσματα και το Ευρώ, Νεωτεριστές του Χρήματος 1, Νεωτεριστές του Χρήματος 2, Το Χρήμα ως Πληροφορία, Χάρτινες Τίγρεις, Κεντρικές Τράπεζες, Το Εικονικό Χρήμα, Οι Χρηματιστηριακές Αγορές, Ασφάλιση, Χρηματικές Ροές, Η Αύξηση του Ηλεκτρονικού Χρήματος, Υπεράκτια Τραπεζική, Ιδιοκτησία, Παγκοσμιοποίηση, Μέτρηση του Χρήματος, Χρήμα από Χρέος, Τρελό Χρήμα, Το Χρήμα που Δημιουργόυμε Μόνοι μας, Πνευματικό Χρήμα, Συμπέρασμα, Διευθύνσεις στο Διαδίκτυο.
700 1 _aBoyle David
_92601
942 _cBK
999 _c2000
_d2000